La relación de Antioquia en 1808 / (Registro nro. 8164)

Detalles MARC
000 -CABECERA
Campo de control 00808nam a22002177a 4500
005 - FECHA Y HORA DE LA ULTIMA TRANSACCION
Campo de control 20150128161240.0
008 - ELEMENTOS DE LONGITUD FIJA—INFORMACION GENERAL
Campo de control 091228m2008 ck gr 00010 spa d
020 ## - ISBN
ISBN 9789587141894
040 ## - FUENTE DE CATALOGACIÓN
Agencia catalogadora original CO-BoIAVH
Agencia transcriptora CO-BoIAVH
041 ## - IDIOMA
Código de idioma para texto/pista de sonido o título separado Español
044 ## - PAÍS DE PUBLICACIÓN
País de publicación Colombia
082 04 - NUMERO DE CLASIFICACION DECIMAL DEWEY
Número de clasificación 986.102
Número del ítem R38r
245 03 - MENCION DE TITULO
Título La relación de Antioquia en 1808 /
Mención de responsabilidad Editado por Víictor Manuel Álvarez Morales
260 3# - PUBLICACION, DISTRIBUCION, ETC. (PIE DE IMPRENTA)
Lugar de publicación, distribución, etc. Medellín
Nombre del editor, distribuidor, etc. Gobernación de Antioquia
Fecha de publicación, distribución, etc. 2008
300 ## - DESCRIPCION FISICA
Extensión 150 p., [114 ] p. de manusctrito
Dimensiones 25 cm.
490 ## - MENCION DE SERIE
Mención de serie Colección expedición Antioquia 2013 - Serie economía, sociedady cultura
Designación numérica/secuencial del volumen 1
651 #6 - ASIENTO SECUNDARIO DE MATERIA - NOMBRE GEOGRAFICO
Nombre geográfico Antioquia (Colombia)
Subdivisión general Historia
Subdivisión cronológica 1808.
651 #6 - ASIENTO SECUNDARIO DE MATERIA - NOMBRE GEOGRAFICO
Nombre geográfico Antioquia (Colombia)
Subdivisión general Aspectos socioeconómicos.
700 1# - ASIENTO SECUNDARIO - NOMBRE PERSONAL
Nombre personal Álvarez-Morales, Víctor,
Fechas asociadas con el nombre 1943-,
Término de relación ed.
942 ## - ELEMENTOS ADICIONALES (KOHA)
Sistema de clasificación Dewey Decimal Classification
Tipo de ítem Libro
Existencias
Withdrawn status Lost status Sistema de Clasificación Damaged status No para préstamo Colección Inventariado Ubicación Permanente Ubicación actual Fecha de adquisición Fuente de Valor Valor Total Checkouts Número topográfico Inventario / Código de Barras Date last seen Ejemplar Price effective from Forma de adquisición Tipo de material
    Dewey Decimal Classification     General Inventariado 2017 Bogotá Bogotá 27/02/2014 Instituto 39000.00   LB-986.102 R38r 034125 27/02/2014 Ej. 1 27/02/2014   Libro
    Dewey Decimal Classification     General Inventariado 2017 Bogotá Bogotá 20/01/2015 Instituto 39000.00   LB-986.102 R38r 038526 20/01/2015 Ej. 2 20/01/2015   Libro